Financial accounting (Record no. 2228)
[ view plain ]
| 000 -LEADER | |
|---|---|
| fixed length control field | 00602nam a22002177a 4500 |
| 003 - CONTROL NUMBER IDENTIFIER | |
| control field | OSt |
| 005 - DATE AND TIME OF LATEST TRANSACTION | |
| control field | 20150907141218.0 |
| 008 - FIXED-LENGTH DATA ELEMENTS--GENERAL INFORMATION | |
| fixed length control field | 150907b xxu||||| |||| 00| 0 eng d |
| 020 ## - INTERNATIONAL STANDARD BOOK NUMBER | |
| International Standard Book Number | 9780071315814 |
| 040 ## - CATALOGING SOURCE | |
| Transcribing agency | DDC |
| 082 ## - DEWEY DECIMAL CLASSIFICATION NUMBER | |
| Classification number | 657 SPI 2014 |
| 100 ## - MAIN ENTRY--PERSONAL NAME | |
| Personal name | Spiceland, David J. |
| 9 (RLIN) | 5667 |
| 245 ## - TITLE STATEMENT | |
| Title | Financial accounting |
| 250 ## - EDITION STATEMENT | |
| Edition statement | 3rd ed. |
| 260 ## - PUBLICATION, DISTRIBUTION, ETC. (IMPRINT) | |
| Place of publication, distribution, etc. | New York; |
| Name of publisher, distributor, etc. | McGraw hill |
| Date of publication, distribution, etc. | 2014 |
| 300 ## - PHYSICAL DESCRIPTION | |
| Extent | xxxviii,613p; |
| Other physical details | col.ill: |
| Dimensions | 28cm |
| 504 ## - BIBLIOGRAPHY, ETC. NOTE | |
| Bibliography, etc | Appendices, references, & index included |
| 650 ## - SUBJECT ADDED ENTRY--TOPICAL TERM | |
| Topical term or geographic name as entry element | Financial accounting |
| 9 (RLIN) | 5655 |
| 700 ## - ADDED ENTRY--PERSONAL NAME | |
| Personal name | Thomas, Wayne ; Hermann, Don |
| 9 (RLIN) | 5668 |
| 942 ## - ADDED ENTRY ELEMENTS (KOHA) | |
| Source of classification or shelving scheme | Other/Generic Classification Scheme |
| Koha item type | Open Shelf |
| Withdrawn status | Lost status | Source of classification or shelving scheme | Damaged status | Not for loan | Home library | Current library | Date acquired | Source of acquisition | Inventory number | Total Checkouts | Full call number | Barcode | Date last seen | Date last checked out | Koha item type | Price effective from |
|---|---|---|---|---|---|---|---|---|---|---|---|---|---|---|---|---|
| Dewey Decimal Classification | Faculty of Management Science Library | Faculty of Management Science Library | 06/12/2021 | Purchase | 17/40160 | 657 SPI 2014 | 2021-2045 | 06/12/2021 | Open Shelf | 06/12/2021 | ||||||
| Dewey Decimal Classification | Faculty of Management Science Library | Faculty of Management Science Library | 06/12/2021 | Purchase | 17/40159 | 657 SPI 2014 | 2021-2046 | 06/12/2021 | Open Shelf | 06/12/2021 | ||||||
| Dewey Decimal Classification | MUST Main Library | MUST Main Library | 07/09/2015 | Purchase | 15/39229 | 1 | 657 SPI 2014 | 2015-2204 | 03/03/2017 | 20/02/2017 | Open Shelf |
